<?xml version="1.0" encoding="UTF-8"?>
<record
    xmlns:xsi="http://www.w3.org/2001/XMLSchema-instance"
    xsi:schemaLocation="http://www.loc.gov/MARC21/slim http://www.loc.gov/standards/marcxml/schema/MARC21slim.xsd"
    xmlns="http://www.loc.gov/MARC21/slim">

  <leader>01522naa a2200229 i 4500</leader>
  <controlfield tag="001">3589</controlfield>
  <controlfield tag="003">KOSZ 005</controlfield>
  <controlfield tag="005">20180220094942.0</controlfield>
  <controlfield tag="008">150204s2008    pl  n  f     |000  0pol</controlfield>
  <datafield tag="040" ind1=" " ind2=" ">
    <subfield code="c">BPK</subfield>
    <subfield code="d">KOSZ 005/EG</subfield>
  </datafield>
  <datafield tag="080" ind1=" " ind2=" ">
    <subfield code="a">621.791/.795</subfield>
  </datafield>
  <datafield tag="100" ind1="1" ind2=" ">
    <subfield code="a">BORKOWSKI, J&#xF3;zef.</subfield>
    <subfield code="d">1996 - .</subfield>
    <subfield code="b">Politechnika Koszali&#x144;ska - Centrum Niekonwencjonalnych Technologii Hydrostrumieniowych</subfield>
  </datafield>
  <datafield tag="245" ind1="1" ind2="0">
    <subfield code="a">Przecinanie kompozyt&#xF3;w ceramicznych wysokoci&#x15B;nieniow&#x105; strug&#x105; wodno-&#x15B;ciern&#x105; /</subfield>
    <subfield code="c">J&#xF3;zef Borkowski, Przemys&#x142;aw Borkowski.</subfield>
  </datafield>
  <datafield tag="500" ind1=" " ind2=" ">
    <subfield code="a">Dane z autopsji.</subfield>
  </datafield>
  <datafield tag="520" ind1=" " ind2=" ">
    <subfield code="a">Na podstawie szczeg&#xF3;&#x142;owych analiz wynik&#xF3;w wyja&#x15B;niono istotne aspekty mechanizm&#xF3;w decyduj&#x105;cych o efektywno&#x15B;ci obr&#xF3;bki badanych kompozyt&#xF3;w ceramicznych. Mechanizm obr&#xF3;bki takich porowatych kompozyt&#xF3;w polega na z&#x142;o&#x17C;onym sposobie erozyjnego wyp&#x142;ukiwania przez strug&#x119; wodno-&#x15B;ciern&#x105; twardszej fazy kompozytu ceramicznego ze stosunkowo bardziej mi&#x119;kkiego spoiwa.</subfield>
  </datafield>
  <datafield tag="650" ind1=" " ind2="0">
    <subfield code="a">Obr&#xF3;bka wodno-&#x15B;cierna.</subfield>
  </datafield>
  <datafield tag="650" ind1=" " ind2="0">
    <subfield code="a">Kompozyty.</subfield>
  </datafield>
  <datafield tag="650" ind1=" " ind2="0">
    <subfield code="a">Ceramika.</subfield>
  </datafield>
  <datafield tag="700" ind1="1" ind2=" ">
    <subfield code="a">BORKOWSKI, Przemys&#x142;aw.</subfield>
    <subfield code="d">1996 - 2013.</subfield>
    <subfield code="b">Politechnika Koszali&#x144;ska - Centrum Niekonwencjonalnych Technologii Hydrostrumieniowych</subfield>
  </datafield>
  <datafield tag="773" ind1="0" ind2=" ">
    <subfield code="i">W :</subfield>
    <subfield code="t">Wysokoci&#x15B;nieniowe technologie hydrostrumieniowe / pod red. J&#xF3;zefa A. Borkowskiego, Przemys&#x142;awa J. Borkowskiego. -</subfield>
    <subfield code="d">Koszalin : Wydaw. Uczelniane Politechniki Koszali&#x144;skiej, 2008. -</subfield>
    <subfield code="g">s. 247-258</subfield>
    <subfield code="k">Monografia / Instytut Niekonwencjonalnych Technologii Hydrostrumieniowych ; nr 154</subfield>
  </datafield>
  <datafield tag="942" ind1=" " ind2=" ">
    <subfield code="c">ROZ</subfield>
    <subfield code="2">UKD</subfield>
  </datafield>
  <datafield tag="999" ind1=" " ind2=" ">
    <subfield code="c">3589</subfield>
    <subfield code="d">3589</subfield>
  </datafield>
  <datafield tag="952" ind1=" " ind2=" ">
    <subfield code="0">0</subfield>
    <subfield code="1">0</subfield>
    <subfield code="4">0</subfield>
    <subfield code="7">0</subfield>
    <subfield code="a">BPK</subfield>
    <subfield code="b">BPK</subfield>
    <subfield code="o">90729</subfield>
    <subfield code="y">ROZ</subfield>
  </datafield>
</record>
